Catálogo

MATEMATICAS 2 (Registro nro. 31876)

Detalles MARC
000 -LEADER
fixed length control field 00461nam a2200181 a 4500
001 - CONTROL NUMBER
control field 31876
005 - DATE AND TIME OF LATEST TRANSACTION
control field 20180713235358.0
008 - FIXED-LENGTH DATA ELEMENTS--GENERAL INFORMATION
fixed length control field 140415s2008 mx 000 0 spa d
020 ## - INTERNATIONAL STANDARD BOOK NUMBER
International Standard Book Number 9789708170574
041 ## - LANGUAGE CODE
Language code of text/sound track or separate title spa
082 ## - DEWEY DECIMAL CLASSIFICATION NUMBER
Classification number 510
Item number SAN
100 1# - MAIN ENTRY--PERSONAL NAME
Personal name SANCHEZ SANCHEZ, ERNESTO ALONSO
245 10 - TITLE STATEMENT
Title MATEMATICAS 2
250 ## - EDITION STATEMENT
Edition statement 1a ed.ICIÓN
260 ## - PUBLICATION, DISTRIBUTION, ETC.
Place of publication, distribution, etc. MEXICO :
Name of publisher, distributor, etc. PATRIA,
Date of publication, distribution, etc. 2008
300 ## - PHYSICAL DESCRIPTION
Extent 79
Dimensions 20 x 0.05 x 26
650 14 - SUBJECT ADDED ENTRY--TOPICAL TERM
Topical term or geographic name entry element MATEMATICAS
Existencias
Withdrawn status Lost status Source of classification or shelving scheme Damaged status Not for loan Collection code Home library Current library Shelving location Date acquired Source of acquisition Total Checkouts Full call number Barcode Date last seen Price effective from Koha item type
    Dewey Decimal Classification     General Tehuacán Tehuacán Sala general 03/12/2013 Compra   510 SAN 506713 08/01/2025 03/12/2013 Libro
    Dewey Decimal Classification     General Tehuacán Tehuacán Sala general 03/12/2013 Compra   510 SAN 506716 08/01/2025 03/12/2013 Libro